5ο Διεθνές Συνέδριο για την Έρευνα στις Μεταφορές - Πρόγραμμα - Πρακτικά Program - Proceedings / Energy, Environment and Transport - Ενέργεια, Περιβάλλον και Μεταφορές (Record no. 2892)
[ view plain ]
| 000 -LEADER | |
|---|---|
| fixed length control field | 01525cam a22001814a 4500 |
| 005 - ΗΜΕΡΟΜΗΝΙΑ ΚΑΙ ΩΡΑ ΤΕΛΕΥΤΑΙΑΣ ΕΝΗΜΕΡΩΣΗΣ | |
| Πεδίο ελέγχου | 20250605164056.0 |
| 008 - FIXED-LENGTH DATA ELEMENTS--GENERAL INFORMATION | |
| Πεδίο ελέγχου σταθερού μήκους | 250528s ||||||||||||||||||||||||d |
| 035 ## - SYSTEM CONTROL NUMBER | |
| System control number | 17483 |
| 040 ## - ΠΗΓΗ ΚΑΤΑΛΟΓΟΓΡΑΦΗΣΗΣ | |
| Φορέας πρωτότυπης καταλογογράφησης | MC Athens Campus Library |
| Γλώσσα καταλογογράφησης | Ελληνικά, Μοντέρνα (1453-) |
| Modifying agency | MC Athens Campus Library |
| Κανόνες περιγραφικής καταλογογράφησης | AACR2 |
| 245 1# - ΤΙΤΛΟΣ ΚΑΙ ΔΗΛΩΣΗ ΥΠΕΥΘΥΝΟΤΗΤΑΣ | |
| Τίτλος | 5ο Διεθνές Συνέδριο για την Έρευνα στις Μεταφορές - Πρόγραμμα - Πρακτικά Program - Proceedings / Energy, Environment and Transport - Ενέργεια, Περιβάλλον και Μεταφορές |
| 260 ## - PUBLICATION, DISTRIBUTION, ETC. | |
| Date of publication, distribution, etc. | 2010 |
| 300 ## - PHYSICAL DESCRIPTION | |
| Extent | 118 |
| 520 ## - SUMMARY, ETC. | |
| Summary, etc. | Χαιρετισμοί, Welcome Speeches, Αναλυτικό Πρόγραμμα Συνεδρίου, Detailed Conference Programme, Οργανωτική Επιτροπή, Organizing Committee, Επιστημονική Επιτροπή, Scientific Committee, Ομιλίες Προσκεκλημένων Ομιλητών, Keynote Speeches, Περιλήψεις Άρθρων, Abstracts, Πολιτική Μεταφορών, Transport Policy, Διαχείριση και Οργάνωση Συστημάτων, Management and Organisation of Transport Systems, Ασφάλεια των Μεταφορών, Transport Safety, Εκμετάλευση και Παρακολούθηση, Exploitation and Monitoring and Control, Σχεδιασμός Συστημάτων, Planning of Transport Systems, Κατάλογος Συγγραφέων, Author's Index, Χορηγοί, Sponsors. |
| 700 1# - ΠΡΟΣΘΕΤΗ ΑΝΑΓΡΑΦΗ--ΦΥΣΙΚΟ ΠΡΟΣΩΠΟ | |
| Personal name | Χαλκιάς Βασίλης |
| 9 (RLIN) | 3622 |
| 942 ## - ADDED ENTRY ELEMENTS (KOHA) | |
| Koha item type | Books |
| Τύπος τεκμηρίου | Βιβλιοθήκη | Τρέχουσα τοποθεσία | Barcode | Αριθμός εισαγωγής | Ημερομηνία απόκτησης | Ταξιθετικό σύμβολο | Αριθμός αντιτύπου | Κατάσταση απόσυρσης | Κατάσταση χαμένου | Κατάσταση κατεστραμμένου | Μη δανεισμός | Σύνολο δανεισμών | Ημερομηνία τελευταίας εμφάνισης | Η τιμή ισχύει από |
|---|---|---|---|---|---|---|---|---|---|---|---|---|---|---|
| Books | MC Athens Campus Library | MC Athens Campus Library | 9780000028914 | 5733 | 05/06/2025 | REF 621 HAL | 1 | 05/06/2025 | 05/06/2025 |